000 01265nab a22002297a 4500
999 _c5573
_d5573
003 OSt
005 20251218120435.0
008 190429b xxu||||| |||| 00| 0 spa d
040 _cPJ
100 _96102
_aMartínez, Agustina Lara
245 1 0 _aCrisis económica y apropiación indebida de tributos. ¿La inexigibilidad como Caballo de Troya del agente de retención o percepción? /
_cAgustina Lara Martínez.
260 _cCiudad Autónoma de Buenos Aires :
_aThomson Reuters La Ley,
_b2025.
300 _ap. 107-114
500 _aCita: TR LALEY AR/DOC/723/2025.
505 _aSumario: I. Introducción.— II. Los delitos de omisión propia en la dogmática penal. Un lacónico análisis del tipo penal de apropiación indebida de tributos.— III. La solución exculpante: ¿afirmación de un injusto penal inexigible?— IV. Breves reflexiones.— V. Bibliografía.
505 _tSi te interesa el texto completo, solicitalo a koha@justierradelfuego.gov.ar
650 0 _9343
_aDERECHO PENAL
650 0 _92217
_aDELITO DE OMISIÓN
650 0 _9210
_aESTADO DE NECESIDAD
773 0 _02658
_93164
_tRevista de derecho penal y criminología. Nº 4 - Mayo 2025
_dCiudad Autónoma de Buenos Aires : Thomson Reuters La Ley, 2017-
_x00347914
942 _2udc
_cANA